[Event "Stare Mesto op-B"]
[Site "Stare Mesto"]
[Date "2023.08.09"]
[Round "5"]
[White "Stara, Sarlota"]
[Black "Moravec, David"]
[Result "0-1"]
[WhiteElo "1000"]
[BlackElo "1000"]
[PlyCount "70"]
[EventDate "2023.08.05"]
[EventType "swiss"]
[EventRounds "9"]
[EventCountry "CZE"]
[SourceTitle "EXT 2024"]
[Source "ChessBase"]
[SourceDate "2023.10.10"]
[SourceVersion "1"]
[SourceVersionDate "2023.10.10"]
[SourceQuality "1"]

1. e4 e5 2. Nf3 Nc6 3. Bb5 Nf6 4. 0-0 Bc5 5. d3 d6 6. Nc3 Bg4 7. Bg5 h6 8. Bh4 0-0 9. Qd2 Bxf3 10. gxf3 Nd4 11. Kh1 Nxf3 12. Qc1 Nxh4 13. Rg1 Bxf2 14. Rf1 Bd4 15. Re1 Bxc3 16. Rg1 Bd4 17. Rg3 a6 18. Qxh6 Ng6 19. Qg5 axb5 20. Rh3 c6 21. Qg2 d5 22. exd5 cxd5 23. Qg3 Qb6 24. Qg5 Be3 25. Rxe3 Qc5 26. Re4 Nxe4 27. Qf5 Nd6 28. Qd7 Qc6 29. Qxc6 bxc6 30. Rg1 Rxa2 31. Rb1 Re8 32. Ra1 Rxa1+ 33. Kg2 Re7 34. Kf2 Re6 35. Kf3 Rf6+ 0-1